Teoría pura del derecho /
Guardado en:
| Autor Principal: | |
|---|---|
| Formato: | Libro |
| Idioma: | Spanish |
| Publicado: |
Buenos Aires :
Eudeba,
2010.
|
| Edición: | 4a. ed. 10a. reimp. |
| Materias: | |
| Etiquetas: |
Agregar Etiqueta
Sin Etiquetas, Sea el primero en etiquetar este registro!
|
| LEADER | 00452nam a22001575a 4500 | ||
|---|---|---|---|
| 001 | DER.der014031 | ||
| 008 | 190910s2010####ag#||||||||||||||#||spa|| | ||
| 005 | 20250206092225.0 | ||
| 245 | 1 | 0 | |a Teoría pura del derecho / |c Hans Kelsen. |
| 250 | |a 4a. ed. 10a. reimp. | ||
| 260 | |a Buenos Aires : |b Eudeba, |c 2010. | ||
| 300 | |a 183 p. | ||
| 020 | |a 9789502308869 | ||
| 100 | 1 | |a Kelsen, Hans | |
| 650 | 7 | |a FILOSOFIA DEL DERECHO | |
| 859 | |a DERECHO |b BIB. DERECHO |h 340.1 |i KEL |p 009254 | ||
